Normal view
MARC view
- CONTE, S.D,BOOR, CARL DE
Entry Personal Name
001 - CONTROL NUMBER
- control field: 78584
003 - CONTROL NUMBER IDENTIFIER
- control field: NUST
005 - DATE AND TIME OF LATEST TRANSACTION
- control field: 20210628210223.0
008 - FIXED-LENGTH DATA ELEMENTS
- fixed length control field: 210628|| aca||aabn | a|a d
040 ## - CATALOGING SOURCE
- Original cataloging agency: NUST
- Transcribing agency: NUST
100 ## - HEADING--PERSONAL NAME
- Personal name: CONTE, S.D,BOOR, CARL DE
670 ## - SOURCE DATA FOUND
- Source citation: Work cat.: (NUST): CONTE, S.D,BOOR, CARL DE, ELEMENTARY NUMERICAL ANALYSIS AN ALGORITHMIC APPROACH, 1972
